NBA All Time Leaders In Field Goals Made - Statistics

General Stats
  • This quiz has been taken 1,781 times
  • The average score is 16 of 31
Answer Stats
Rank FG's Made Player % Correct
1 15,837 Kareem Abdul-Jabbar
95%
4 12,192 Michael Jordan
95%
10 10,286 Kobe Bryant
91%
2 13,528 Karl Malone
86%
3 12,681 Wilt Chamberlain
85%
16 9,435 Moses Malone
84%
5 11,330 Shaquille O'Neal
81%
21 8,591 Larry Bird
72%
9 10,513 John Havlicek
71%
14 9,614 Robert Parish
69%
18 8,717 Tim Duncan
68%
7 10,749 Hakeem Olajuwon
67%
25 8,431 Dirk Nowitzki
64%
23 8,467 Allen Iverson
61%
17 9,016 Jerry West
56%
12 9,729 Kevin Garnett
53%
13 9,702 Patrick Ewing
49%
24 8,435 Charles Barkley
46%
15 9,508 Oscar Robertson
46%
20 8,693 Elgin Baylor
40%
6 10,976 Elvin Hayes
37%
11 9,963 Dominique Wilkins
36%
27 8,241 Reggie Miller
36%
26 8,335 Clyde Drexler
34%
30 8,045 George Gervin
28%
8 10,659 Alex English
26%
19 8,708 Gary Payton
19%
28 8,169 Adrian Dantley
12%
22 8,504 Hal Greer
9%
29 8,118 Walter Davis
5%
30 8,045 Terry Cummings
2%
No matching quizzes found
Score Distribution
Percent of People with Each Score
Percentile by Number Answered
Your Score History
You have not taken this quiz